Т. 24; Современные проблемы математики. Новейшие достижения

Bibliografske podrobnosti
Parent link:Современные проблемы математики. Новейшие достижения/ Академия наук СССР (АН СССР), Всесоюзный институт научной и технической информации (ВИНИТИ) ; науч. Р. В. Гамкрелидзе. Т. 24.— , 1973-1990.— 0202-747X
Jezik:ruščina
Izdano: 1984
Teme:
Format: MixedMaterials Knjiga
KOHA link:https://koha.lib.tpu.ru/cgi-bin/koha/opac-detail.pl?biblionumber=296168

MARC

LEADER 00000nam2a2200000 4500
001 296168
005 20231102000859.0
035 |a (RuTPU)RU\TPU\book\321262 
035 |a RU\TPU\book\223175 
090 |a 296168 
100 |a 20150528d1984 k y0rusy50 ca 
101 0 |a rus 
102 |a RU 
105 |a y z 001zy 
200 0 |a Т. 24 
210 |d 1984 
215 |a 240 с. 
320 |a Библиография в конце работ 
461 1 |0 (RuTPU)RU\TPU\book\288694  |x 0202-747X  |t Современные проблемы математики. Новейшие достижения  |f Академия наук СССР (АН СССР), Всесоюзный институт научной и технической информации (ВИНИТИ) ; науч. Р. В. Гамкрелидзе  |v Т. 24  |d 1973-1990  |s Современные проблемы математики. Новейшие достижения 
606 1 |a Математика  |2 stltpush  |3 (RuTPU)RU\TPU\subj\67327  |9 83171 
610 1 |a достижения 
610 1 |a супергеометрия 
610 1 |a суперполя 
610 1 |a математические структуры 
610 1 |a алгебры Ли 
610 1 |a уравнения 
610 1 |a обратные задачи рассеяния 
610 1 |a регуляторы 
610 1 |a гипотезы 
675 |a 51  |v 4 
801 1 |a RU  |b 63413507  |c 20110905 
801 2 |a RU  |b 63413507  |c 20170302  |g RCR 
942 |c BK